Estadísticas para 15 principales países afectados por Covid19 - 17 de noviembre 2021

Haz click aquí para intentar la prueba.

Estadísticas generales

  • Esta prueba ha sido intentada 9 veces
  • La puntuación promedio es 15 de 28

Estadísticas de respuestas

país% Correcto
Alemania
100%
Brasil
100%
España
100%
Estados Unidos
100%
Francia
100%
Italia
88%
México
88%
Colombia
75%
India
75%
Argentina
63%
Reino Unido
63%
Bélgica
50%
Chequia
50%
Eslovenia
50%
Países Bajos
50%
Rusia
50%
Turquía
50%
Croacia
38%
Suecia
38%
Irán
25%
Serbia
25%
Baréin
13%
Estonia
13%
Georgia
13%
Indonesia
13%
Israel
13%
Letonia
13%
Lituania
13%

Distribución de puntuación

Porcentaje por número respondido

Porcentaje de gente con cada puntuación

Historial de tus puntuaciones

No has intentado esta prueba.